LEADER 02429nam 2200637 a 450 001 9910456409603321 005 20200520144314.0 010 $a1-85702-294-7 010 $a1-282-55909-5 010 $a9786612559099 010 $a0-85702-294-6 035 $a(CKB)2520000000007718 035 $a(EBL)483357 035 $a(OCoLC)609855820 035 $a(SSID)ssj0000343854 035 $a(PQKBManifestationID)12099461 035 $a(PQKBTitleCode)TC0000343854 035 $a(PQKBWorkID)10291098 035 $a(PQKB)11194351 035 $a(MiAaPQ)EBC483357 035 $a(Au-PeEL)EBL483357 035 $a(CaPaEBR)ebr10369663 035 $a(CaONFJC)MIL255909 035 $a(EXLCZ)992520000000007718 100 $a19910221d1991 uy 0 101 0 $aeng 135 $aur|n|---||||| 181 $ctxt 182 $cc 183 $acr 200 00$aTraining and supervision for counselling in action$b[electronic resource] /$fedited by Windy Dryden and Brian Thorne 210 $aLondon ;$aNewbury Park, Calif. $cSage$d1991 215 $a1 online resource (168 p.) 225 1 $aCounselling in action 300 $aDescription based upon print version of record. 311 $a0-8039-8336-0 311 $a0-8039-8335-2 320 $aIncludes bibliographical references and index. 327 $apt. 1. Training -- pt. 2. Supervision -- pt. 3. Training counsellor trainers and supervisors. 330 $a`An excellent compilation.....I found the issues raised stimulated me to think again about my own practice and to profit from that exercise' - Counselling, The Journal of The British Association for Counselling & Psychotherapy This accessible book explores the issues involved in both the training and supervision of counsellors and in the preparation of those who are to undertake supervisory and training roles. 410 0$aCounselling in action. 606 $aCounseling$xStudy and teaching 606 $aCounselors$xSupervision of 608 $aElectronic books. 615 0$aCounseling$xStudy and teaching. 615 0$aCounselors$xSupervision of. 676 $a158/.3/07 701 $aDryden$b Windy$0618977 701 $aThorne$b Brian$f1937-$0738612 801 0$bMiAaPQ 801 1$bMiAaPQ 801 2$bMiAaPQ 906 $aBOOK 912 $a9910456409603321 996 $aTraining and supervision for counselling in action$91967842 997 $aUNINA LEADER 03514nam 2200649Ia 450 001 9910170991003321 005 20200520144314.0 010 $a1-134-70633-2 010 $a1-134-70634-0 010 $a1-280-07506-6 010 $a9786610075065 010 $a0-203-44981-9 010 $a0-415-31620-0 024 7 $a10.4324/9780203449813 035 $a(CKB)1000000000444342 035 $a(SSID)ssj0000375842 035 $a(PQKBManifestationID)11267769 035 $a(PQKBTitleCode)TC0000375842 035 $a(PQKBWorkID)10327942 035 $a(PQKB)11430146 035 $a(MiAaPQ)EBC181754 035 $a(OCoLC)314168457 035 $a(PPN)167841254 035 $a(BIP)65648252 035 $a(BIP)47457546 035 $a(EXLCZ)991000000000444342 100 $a19970623d1998 uy 0 101 0 $aeng 135 $aurcn||||||||| 181 $ctxt 182 $cc 183 $acr 200 10$aConsuming people $efrom political economy to theaters of consumption /$fA. Fuat Firat and Nikhilesh Dholakia 210 $aLondon ;$aNew York $cRoutledge$d1998 215 $axii, 194 p 225 1 $aConsumer research and policy series 300 $aBibliographic Level Mode of Issuance: Monograph 311 08$a0-415-16680-2 311 08$a0-203-45971-7 320 $aIncludes bibliographical references (p. [161]-188) and index. 327 $a1. The consuming society -- 2. Consumption patterns -- 3. The making of the consumer -- 4. Consumption in modern society -- 5. The social construction of consumption patterns in modern society -- 6. (Post)modernity and consumption -- 7. Postmodern consumption -- 8. Global consumption -- 9. Consuming people -- 10. The new theater of consumption. 330 $aConsumption is widely regarded as one of the most important phenomena in contemporary society, but, till now, there has been very little analysis of how consumption patterns evolve, transform and proliferate. This revealing book provides an incisive treatment of consumption on a global scale from a cultural, philosophical and business perspective. Beginning with an analysis of how a dominant form of consumption pattern took hold in modern, capitalist, market economies, this book explores the contemporary changes and paradoxes in our consumption patterns during the transitional period from the modern to the postmodern. The text focuses on the forces shaping American consumption patterns, from corporations to Hollywood, and concludes with an analysis of the emerging trans-modern possibilities of the new 'theatre of consumption' where communities with a variety of consumption styles will flourish. This is an original and radical analysis in which its first-rate authors structure this key topic in a multi-disciplinary and forward-thinking way. As such, it will be of great interest to students and researchers of consumer behaviour in business and the social sciences, as well as those concerned with contemporary cultural transformations. 410 0$aConsumer research and policy series. 606 $aConsumption (Economics)$xHistory 606 $aDemand (Economic theory) 615 0$aConsumption (Economics)$xHistory. 615 0$aDemand (Economic theory) 676 $a339.4/7 700 $aFirat$b A. Fuat$00 701 $aDholakia$b Nikhilesh$f1947-$0878241 801 0$bMiAaPQ 801 1$bMiAaPQ 801 2$bMiAaPQ 906 $aBOOK 912 $a9910170991003321 996 $aConsuming people$91960597 997 $aUNINA